Fundamentals of Soil Science/ (Record no. 211835)

MARC details
000 -LEADER
fixed length control field 00787nam a22002417a 4500
005 - DATE AND TIME OF LATEST TRANSACTION
control field 20250616161813.0
010 ## - LCCN (DPL NO)
LC control number ENG-145387
020 ## - INTERNATIONAL STANDARD BOOK NUMBER
Terms of availability 250.00
International Standard Book Number 9789395659826
035 ## - SYSTEM CONTROL NUMBER
System control number EN-128919
037 ## - SOURCE OF ACQUISITION
Source of stock number/acquisition DBAD
082 ## - DEWEY DECIMAL CLASSIFICATION NUMBER
Classification number 614.405
100 ## - MAIN ENTRY--PERSONAL NAME
Personal name Porkodi, G.
245 ## - TITLE STATEMENT
Title Fundamentals of Soil Science/
Statement of responsibility, etc G. Porkodi...[et.al]
250 ## - EDITION STATEMENT
Edition statement 1
260 ## - PUBLICATION, DISTRIBUTION, ETC. (IMPRINT)
Name of publisher, distributor, etc Beyondline Publisher
Place of publication, distribution, etc Bangalore
Date of publication, distribution, etc 2024
270 ## - ADDRESS
Address 513, Ground Floor, Arkavathi Layout, 19th Block Chelikere, Kalyan Nagar
City Bangalore
Postal code 560043
300 ## - PHYSICAL DESCRIPTION
Extent 214p.
Dimensions 24 cm (pb)
700 ## - ADDED ENTRY--PERSONAL NAME
Personal name Suganya, S.
Relator term Author
9 (RLIN) 82077
700 ## - ADDED ENTRY--PERSONAL NAME
Personal name Ramamoorthy, P.
Relator term Author
9 (RLIN) 82078
700 ## - ADDED ENTRY--PERSONAL NAME
Personal name Bose, K. Subash Chandra
Relator term Author
9 (RLIN) 82079
700 ## - ADDED ENTRY--PERSONAL NAME
Personal name Arulmathi, C.
Relator term Author
9 (RLIN) 82080
942 ## - ADDED ENTRY ELEMENTS (KOHA)
Source of classification or shelving scheme Dewey Decimal Classification
Item type English Books
Classification part 641.405
Call number suffix POR
Holdings
Withdrawn status Lost status Not for loan Collection code Home library Current library Date acquired Source of acquisition Cost, normal purchase price Full call number Barcode Copy number Cost, replacement price Koha item type
      Non-fiction Sarojini Nagar Sarojini Nagar 16/06/2025 Delivery of Books Act Division 250.00 641.405 POR EN-128919 1 250.00 English Books

© Delhi Public Library
Hit Counter
free hit counter